[Event "4NCL Rapid Indiv 2014"]
[Site "Daventry ENG"]
[Date "2014.10.05"]
[Round "5.5"]
[White "Martin, Lewis"]
[Black "Turner, Matthew J"]
[Result "0-1"]
[BlackTitle "GM"]
[WhiteElo "2093"]
[BlackElo "2482"]
[WhiteFideId "410551"]
[BlackFideId "402893"]
[EventDate "2014.10.05"]

1. d4 Nf6 2. c4 g6 3. Nf3 Bg7 4. Nc3 O-O 5. e4 d6 6. Be2 e5 7. dxe5 dxe5 8. Qxd8
Rxd8 9. Bg5 c6 10. O-O Re8 11. c5 a5 12. Nd2 Na6 13. Bxa6 Rxa6 14. Nc4 Be6 15.
Nd6 Rb8 16. Na4 Nd7 17. Be3 Bf8 18. Rfd1 Ra7 19. Rd2 f6 20. b3 f5 21. f3 fxe4
22. fxe4 Nf6 23. Rf1 Ng4 24. Bg5 h6 25. Bf6 b5 26. cxb6 Rd7 27. Nc5 Rxd6 28.
Rxd6 Bxd6 29. Nxe6 Kf7 30. Nd8+ Ke8 31. Ne6 Kd7 32. Ng7 Bc5+ 33. Kh1 Nf2+ 34.
Kg1 Nxe4+ 35. Kh1 Nxf6 36. Rxf6 Rf8 37. Rxf8 Bxf8 38. b7 Bd6 39. h4 Ke7 0-1

[Event "4NCL Rapid Indiv 2014"]
[Site "Daventry ENG"]
[Date "2014.10.05"]
[Round "5.6"]
[White "Wall, Gavin"]
[Black "Girdlestone, Paul C"]
[Result "1-0"]
[WhiteTitle "IM"]
[WhiteElo "2314"]
[BlackElo "2128"]
[WhiteFideId "2501244"]
[BlackFideId "408840"]
[EventDate "2014.10.05"]

1. e4 e5 2. Nf3 Nc6 3. Bc4 Nf6 4. d3 Bc5 5. c3 d6 6. Nbd2 a5 7. Nf1 h6 8. Ng3
Be6 9. Bb3 Qd7 10. O-O O-O 11. Nh4 d5 12. Nhf5 dxe4 13. dxe4 Bxf5 14. exf5 Rad8
15. Qf3 Qd3 16. Be3 Bxe3 17. fxe3 e4 18. Qf4 Nd5 19. Bxd5 Qxd5 20. f6 g5 21. Qg4
Qe6 22. Qxe6 fxe6 23. Nxe4 b6 24. Rad1 Rd5 25. Rxd5 exd5 26. Ng3 Ne5 27. e4 c6
28. exd5 cxd5 29. Rf5 Nc4 30. b3 Nd6 31. Rxd5 Rxf6 32. a4 Kf7 33. Re5 Rf4 34. h3
Kf6 35. Re3 Nf5 36. Nxf5 Kxf5 37. Re8 Re4 38. Rf8+ Ke5 39. Rb8 Re3 40. Rxb6 Rxc3
41. Rxh6 Rxb3 42. Ra6 Kf4 43. Kh2 g4 44. hxg4 Kxg4 45. Rxa5 Ra3 46. Ra8 Kf4 47.
a5 Ke5 48. a6 Kf6 49. g3 Kg7 50. Kh3 Kf7 51. Kh4 Kg7 52. g4 Ra4 53. Kg5 Ra5+ 54.
Kf4 Kf6 55. a7 Ra4+ 56. Ke3 Kg7 57. Kd3 Ra5 58. Kc4 Kh7 59. Kb4 Ra1 60. Kb5 Rb1+
61. Kc6 Rc1+ 62. Kd6 Rd1+ 63. Ke6 Ra1 64. Rf8 Rxa7 65. Rf7+ Rxf7 66. Kxf7 1-0

[Event "4NCL Rapid Indiv 2014"]
[Site "Daventry ENG"]
[Date "2014.10.05"]
[Round "5.7"]
[White "Mossong, Hubert"]
[Black "Healey, Michael W"]
[Result "0-1"]
[WhiteTitle "FM"]
[WhiteElo "2094"]
[BlackElo "2111"]
[WhiteFideId "4000030"]
[BlackFideId "410012"]
[EventDate "2014.10.05"]

1. e4 e5 2. Nf3 Nc6 3. Bb5 a6 4. Ba4 Nf6 5. Bxc6 dxc6 6. d3 Nd7 7. O-O Be7 8.
Be3 c5 9. Nc3 c6 10. Ne2 O-O 11. h3 Bf6 12. g4 g6 13. Ng3 Bg7 14. Qd2 Re8 15. c3
Qe7 16. d4 cxd4 17. cxd4 exd4 18. Bxd4 Ne5 19. Nxe5 Bxe5 20. Bxe5 Qxe5 21. Rad1
h5 22. gxh5 gxh5 23. Qh6 Bxh3 24. Rfe1 Bg4 25. Rd6 Re6 26. Rxe6 Qxe6 27. Qg5+
Qg6 28. Qxg6+ fxg6 29. Kg2 Be6 30. a3 Rd8 31. Re2 Rd1 32. Nf1 Bc4 33. Ng3 Be6 0-1

[Event "4NCL Rapid Indiv 2014"]
[Site "Daventry ENG"]
[Date "2014.10.05"]
[Round "5.8"]
[White "Richmond, Peter"]
[Black "Flear, Christine"]
[Result "1-0"]
[BlackTitle "WIM"]
[WhiteElo "2154"]
[BlackElo "2181"]
[WhiteFideId "1800175"]
[BlackFideId "602604"]
[EventDate "2014.10.05"]

1. e4 c5 2. Nf3 a6 3. b4 cxb4 4. d4 d5 5. e5 Bg4 6. a3 e6 7. axb4 Bxb4+ 8. c3
Be7 9. Bd3 Nc6 10. Nbd2 Nh6 11. O-O Bf5 12. Qe2 Bxd3 13. Qxd3 Nf5 14. g4 Nh4 15.
Nxh4 Bxh4 16. f4 Be7 17. f5 exf5 18. gxf5 Bg5 19. Ba3 h6 20. Rae1 Bxd2 21. Qxd2
Qg5+ 22. Qxg5 hxg5 23. f6 gxf6 24. Rxf6 Nd8 25. c4 Rh4 26. cxd5 Rxd4 27. e6 fxe6
28. Rf8+ Kd7 29. dxe6+ Nxe6 30. Rxa8 Nf4 31. Rae8 Rd2 32. Bc1 Nh3+ 33. Kh1 Nf2+
34. Kg2 1-0

[Event "4NCL Rapid Indiv 2014"]
[Site "Daventry ENG"]
[Date "2014.10.05"]
[Round "5.9"]
[White "Fallowfield, Jeremy R"]
[Black "Josse, Mark"]
[Result "0-1"]
[WhiteElo "2046"]
[BlackElo "2174"]
[WhiteFideId "405450"]
[BlackFideId "414476"]
[EventDate "2014.10.05"]

1. d4 d5 2. c4 dxc4 3. e3 e5 4. Bxc4 exd4 5. exd4 Bd6 6. Nf3 Nf6 7. O-O O-O 8.
h3 h6 9. Nc3 Nc6 10. Be3 Bf5 11. a3 a6 12. Rc1 Qd7 13. Re1 Rad8 14. Bf1 Rfe8 15.
d5 Ne7 16. Bc4 Ng6 17. Nd4 Bxh3 18. gxh3 Qxh3 19. Qf3 Qh2+ 20. Kf1 Nh4 21. Qd1
Bf4 22. Qd3 Ng4 23. Rc2 Qg2+ 24. Ke2 Bxe3 0-1

[Event "4NCL Rapid Indiv 2014"]
[Site "Daventry ENG"]
[Date "2014.10.05"]
[Round "5.10"]
[White "Poobalasingam, Peter S"]
[Black "Hall, John"]
[Result "0-1"]
[WhiteTitle "FM"]
[BlackTitle "FM"]
[WhiteElo "2239"]
[BlackElo "2264"]
[WhiteFideId "410683"]
[BlackFideId "401102"]
[EventDate "2014.10.05"]

1. Nf3 c5 2. g3 d5 3. Bg2 Nc6 4. O-O e5 5. d3 Nf6 6. Nbd2 Be7 7. e4 d4 8. Ne1
O-O 9. h3 b5 10. f4 Ne8 11. a4 Ba6 12. axb5 Bxb5 13. Qh5 Nf6 14. Qe2 Qb6 15. Nc4
Bxc4 16. dxc4 Bd6 17. f5 a5 18. g4 a4 19. g5 Nd7 20. Qh5 Ne7 21. Nd3 Qa6 22. f6
Ng6 23. h4 Qxc4 24. fxg7 Kxg7 25. Qh6+ Kg8 26. h5 Qxc2 27. Nf2 c4 28. Bh3 Bc5
29. Bxd7 d3 30. Bf5 Ra6 31. b3 d2 32. Ba3 Bxf2+ 33. Kh1 Re8 34. hxg6 fxg6 35.
Bd7 Qxe4+ 36. Kh2 Qf4+ 37. Kg2 Qe4+ 38. Kxf2 Qd4+ 39. Kg3 Qxd7 40. Qf8+ Rxf8 0-1

[Event "4NCL Rapid Indiv 2014"]
[Site "Daventry ENG"]
[Date "2014.10.05"]
[Round "5.11"]
[White "Burrows, Martin P"]
[Black "Mason, Donald J"]
[Result "1-0"]
[WhiteElo "2130"]
[BlackElo "2143"]
[WhiteFideId "409057"]
[BlackFideId "405116"]
[EventDate "2014.10.05"]

1. e4 e6 2. d4 d5 3. Nc3 Bb4 4. e5 c5 5. a3 Bxc3+ 6. bxc3 Ne7 7. Qg4 Qc7 8. Qxg7
Rg8 9. Qxh7 cxd4 10. Ne2 Nbc6 11. f4 dxc3 12. Qd3 d4 13. Nxd4 Nxd4 14. Qxd4 Bd7
15. Rg1 Nf5 16. Qf2 Qc6 17. Bd3 Qd5 18. Rb1 Bc6 19. Rb3 O-O-O 20. Rxc3 Kb8 21.
Kf1 Bb5 22. Be3 Bxd3+ 23. Rxd3 Nxe3+ 24. Qxe3 Qc4 25. Qd2 Rd4 26. g3 Rgd8 27.
Ke2 Re4+ 28. Kf3 Red4 1-0

[Event "4NCL Rapid Indiv 2014"]
[Site "Daventry ENG"]
[Date "2014.10.05"]
[Round "5.12"]
[White "Wadsworth, Matthew J"]
[Black "Jones, William E G"]
[Result "0-1"]
[WhiteElo "2135"]
[BlackElo "2124"]
[WhiteFideId "415804"]
[BlackFideId "470554"]
[EventDate "2014.10.05"]

1. e4 c5 2. Nf3 d6 3. d4 cxd4 4. Nxd4 Nf6 5. Nc3 a6 6. Bg5 e6 7. f4 h6 8. Bh4
Qb6 9. Nb3 Nbd7 10. Bf2 Qc7 11. Bd3 b5 12. Qf3 Bb7 13. O-O-O Be7 14. g4 b4 15.
Ne2 d5 16. e5 Ne4 17. Ng3 Nxf2 18. Qxf2 g5 19. Rde1 gxf4 20. Nh5 Nxe5 21. Kb1
Nxg4 22. Qg2 Ne3 23. Qg7 Rf8 24. Qxh6 O-O-O 25. Qxf4 Qxf4 26. Nxf4 d4 27. Rhg1
e5 28. Nh3 f5 29. Rg6 Rf6 30. Rg7 Bf8 31. Rh7 e4 32. Be2 Rh6 33. Rxh6 Bxh6 34.
Nc5 f4 35. Bxa6 0-1

[Event "4NCL Rapid Indiv 2014"]
[Site "Daventry ENG"]
[Date "2014.10.05"]
[Round "6.1"]
[White "Haria, Ravi"]
[Black "Smerdon, David"]
[Result "0-1"]
[BlackTitle "GM"]
[WhiteElo "2239"]
[BlackElo "2506"]
[WhiteFideId "415820"]
[BlackFideId "3202305"]
[EventDate "2014.10.05"]

1. Nf3 d5 2. g3 e6 3. Bg2 f5 4. O-O Nf6 5. d4 Bd6 6. c4 c6 7. cxd5 cxd5 8. Nc3
Nbd7 9. b3 Ne4 10. Bb2 O-O 11. Nd2 Ndf6 12. f3 Nxc3 13. Bxc3 f4 14. Qe1 fxg3 15.
hxg3 Qc7 16. Rc1 Bxg3 17. Ba5 Qxa5 18. Qxg3 Qxd2 19. Rc7 Qxd4+ 20. Kh2 Nh5 0-1

[Event "4NCL Rapid Indiv 2014"]
[Site "Daventry ENG"]
[Date "2014.10.05"]
[Round "6.2"]
[White "Rendle, Thomas E"]
[Black "Flear, Glenn C"]
[Result "0-1"]
[WhiteTitle "IM"]
[BlackTitle "GM"]
[WhiteElo "2383"]
[BlackElo "2462"]
[WhiteFideId "408760"]
[BlackFideId "400165"]
[EventDate "2014.10.05"]

1. f4 d5 2. Nf3 g6 3. g3 c6 4. Bg2 Qb6 5. e3 Bg7 6. Nc3 Nd7 7. O-O Nh6 8. Kh1
O-O 9. d3 e5 10. e4 dxe4 11. dxe4 exf4 12. gxf4 Nc5 13. Be3 Ng4 14. Bg1 Qa5 15.
e5 Ne6 16. Nd2 Rd8 17. Qxg4 Rxd2 18. Rad1 Nf8 19. Qh4 Rxd1 20. Rxd1 Bf5 21. Qe7
Ne6 22. Qxb7 Rf8 23. Be3 Bh6 24. Qxa7 Qxa7 25. Bxa7 Bxf4 26. Bxc6 Bxe5 27. Rd2
Rc8 28. Bd7 Rc4 29. Bb5 Rb4 30. Bd3 Rxb2 31. Bxf5 Bxc3 32. Rd3 Rb1+ 33. Kg2 Nf4+
34. Kf3 Rf1+ 35. Kg3 Be1+ 36. Bf2 Nxd3 0-1

[Event "4NCL Rapid Indiv 2014"]
[Site "Daventry ENG"]
[Date "2014.10.05"]
[Round "6.3"]
[White "Turner, Matthew J"]
[Black "Richmond, Peter"]
[Result "0-1"]
[WhiteTitle "GM"]
[WhiteElo "2482"]
[BlackElo "2154"]
[WhiteFideId "402893"]
[BlackFideId "1800175"]
[EventDate "2014.10.05"]

1. c4 e6 2. Nf3 d5 3. d4 c6 4. Nbd2 f5 5. g3 Nf6 6. Bg2 Bd6 7. O-O O-O 8. Ne5
Nbd7 9. Ndf3 Ne4 10. Bf4 Ndf6 11. Qb3 a5 12. a4 Bb4 13. c5 Nd7 14. Nd3 b6 15.
Nxb4 axb4 16. cxb6 Qxb6 17. Rfc1 Ba6 18. a5 Qb7 19. Qe3 Rac8 20. Ne5 Nxe5 21.
dxe5 c5 22. Bxe4 fxe4 23. Rxc5 Rxc5 24. Qxc5 Bxe2 25. a6 Bxa6 26. Qd6 Bc4 27.
Qxe6+ Kh8 28. Be3 Qc8 29. Qd6 Rd8 30. Qxb4 d4 31. Bg5 Rd7 32. Rc1 Rc7 33. Qb6 h6
34. Bf4 e3 35. e6 Rc6 36. Qxd4 exf2+ 37. Kxf2 Qxe6 38. Re1 Qf5 39. Kg1 Bd5 40.
Qe5 Qd3 41. Qe3 Qxe3+ 42. Rxe3 Rc2 0-1

[Event "4NCL Rapid Indiv 2014"]
[Site "Daventry ENG"]
[Date "2014.10.05"]
[Round "6.4"]
[White "Healey, Michael W"]
[Black "Wall, Gavin"]
[Result "0-1"]
[BlackTitle "IM"]
[WhiteElo "2111"]
[BlackElo "2314"]
[WhiteFideId "410012"]
[BlackFideId "2501244"]
[EventDate "2014.10.05"]

1. e4 e5 2. Nf3 d6 3. Nc3 Nf6 4. d4 exd4 5. Nxd4 Be7 6. Be2 O-O 7. O-O c5 8. Nb3
Nc6 9. Be3 a6 10. a4 Nb4 11. Bf3 Be6 12. e5 dxe5 13. Nxc5 Qxd1 14. Bxd1 Bc8 15.
a5 Nfd5 16. N5a4 Nxe3 17. fxe3 Be6 18. Ne4 Bd5 19. Ng3 Bg5 20. Re1 Rad8 21. e4
Bc6 22. Nc5 Be7 23. Nb3 g6 24. Rb1 h5 25. Nh1 Ba4 26. h3 Bxb3 27. cxb3 Rd2 28.
Be2 Bh4 29. g3 Bd8 30. Rbd1 Rxb2 31. Bc4 Bxa5 32. Rd6 Nc6 33. Rxg6+ Kh7 34. Rf6
Bxe1 0-1

[Event "4NCL Rapid Indiv 2014"]
[Site "Daventry ENG"]
[Date "2014.10.05"]
[Round "6.5"]
[White "Ghasi, Ameet K"]
[Black "Stewart, Joseph J"]
[Result "1-0"]
[WhiteTitle "IM"]
[WhiteElo "2475"]
[BlackElo "2200"]
[WhiteFideId "409200"]
[BlackFideId "412333"]
[EventDate "2014.10.05"]

1. e4 c5 2. Nf3 d6 3. d4 cxd4 4. Nxd4 Nf6 5. Nc3 g6 6. h3 a6 7. g4 b5 8. Bg2 Bb7
9. a4 bxa4 10. Rxa4 Nbd7 11. Rb4 Rb8 12. O-O Ba8 13. Rxb8 Qxb8 14. Qe2 Qb7 15.
Nd5 e6 16. g5 Nh5 17. Nc3 Bg7 18. Nb3 O-O 19. Be3 Rc8 20. Ra1 Ne5 21. Ra4 Nc6
22. Qxa6 Qxa6 23. Rxa6 Nb4 24. Rxd6 Nxc2 25. Bd2 Be5 26. Rd7 Bc6 27. Ra7 Nf4 28.
Bf1 Nb4 29. Na5 Be8 30. Nc4 Nxh3+ 31. Kg2 Nf4+ 32. Kf3 Nfd3 33. Nxe5 Nxe5+ 34.
Kg3 Nbc6 35. Rb7 Na5 36. Rb4 Nac6 37. Rb6 Na5 38. Bc1 Nac4 39. Rb4 Na5 40. f4
Nec6 41. Rb5 Ra8 42. Be3 Ne7 43. Rb4 Nac6 44. Rb7 Rb8 45. Rxb8 Nxb8 46. Bc5 Nc8
47. b4 Nd7 48. Bd4 Ndb6 49. Ba6 Bc6 50. b5 Ba8 51. Kf3 Kf8 52. Nd1 Ke7 53. Nf2
Kd7 54. Ng4 Nc4 55. Nf6+ Kc7 56. Ke2 N4d6 57. Be5 Kb6 58. Bd4+ Kc7 59. Kd3 Bb7 1-0

[Event "4NCL Rapid Indiv 2014"]
[Site "Daventry ENG"]
[Date "2014.10.05"]
[Round "6.6"]
[White "Jones, William E G"]
[Black "Pritchett, Craig W"]
[Result "1/2-1/2"]
[BlackTitle "IM"]
[WhiteElo "2124"]
[BlackElo "2315"]
[WhiteFideId "470554"]
[BlackFideId "2400065"]
[EventDate "2014.10.05"]

1. e4 c5 2. Nf3 e6 3. d4 cxd4 4. Nxd4 Nc6 5. Nc3 a6 6. Be3 Nf6 7. a3 d6 8. f4
Be7 9. Qf3 e5 10. Nxc6 bxc6 11. Bc4 O-O 12. f5 Bb7 13. O-O-O Qa5 14. Bg5 Qc5 15.
Ba2 Rfd8 16. h4 Rac8 17. g4 d5 18. Bxf6 Bxf6 19. g5 Be7 20. exd5 cxd5 21. Bxd5
Bxd5 22. Rxd5 Rxd5 23. Qxd5 Qe3+ 24. Qd2 Qf3 25. Re1 Qxf5 26. Nd5 Bf8 27. Qe2
Rc5 28. c4 h6 29. b4 Rc6 30. Qe4 Qc8 31. c5 hxg5 32. hxg5 Qh3 33. Kb2 Rg6 34.
Qxe5 Qg2+ 35. Re2 Qg4 36. Ne7+ Bxe7 37. Qxe7 Qd4+ 38. Kc2 Qc4+ 39. Kb2 Qd4+ 40.
Kc2 Qc4+ 41. Kb2 Qd4+ 42. Kc2 Qc4+ 43. Kb2 1/2-1/2

[Event "4NCL Rapid Indiv 2014"]
[Site "Daventry ENG"]
[Date "2014.10.05"]
[Round "6.7"]
[White "Josse, Mark"]
[Black "Emerson, Roger"]
[Result "0-1"]
[WhiteElo "2174"]
[BlackElo "2184"]
[WhiteFideId "414476"]
[BlackFideId "424099"]
[EventDate "2014.10.05"]

1. d4 d5 2. c4 e6 3. Nc3 Nf6 4. cxd5 exd5 5. Bg5 Be7 6. Qc2 O-O 7. e3 h6 8. Bh4
Re8 9. Bd3 c5 10. dxc5 Nc6 11. Nge2 d4 12. O-O-O dxc3 13. Bxf6 Bxf6 14. Bh7+ Kh8
15. Rxd8 cxb2+ 16. Kb1 Rxd8 17. Bf5 Rd2 18. Qxd2 Bxf5+ 19. Qc2 Bxc2+ 20. Kxc2
Rd8 21. Nc3 Nb4+ 22. Kxb2 Nd5 0-1

[Event "4NCL Rapid Indiv 2014"]
[Site "Daventry ENG"]
[Date "2014.10.05"]
[Round "6.8"]
[White "Hall, John"]
[Black "Burrows, Martin P"]
[Result "1-0"]
[WhiteTitle "FM"]
[WhiteElo "2264"]
[BlackElo "2130"]
[WhiteFideId "401102"]
[BlackFideId "409057"]
[EventDate "2014.10.05"]

1. e4 c5 2. Nf3 d6 3. d4 cxd4 4. Nxd4 Nf6 5. Nc3 a6 6. Bg5 e6 7. f4 Nc6 8. e5 h6
9. Bh4 dxe5 10. Nxc6 Qxd1+ 11. Rxd1 bxc6 12. fxe5 Nd7 13. Be2 Bb7 14. O-O Nxe5
15. Bg3 Nd7 16. Bh5 Nf6 17. Bf3 Bc5+ 18. Kh1 O-O 19. Bd6 Bxd6 20. Rxd6 Rfd8 21.
Rfd1 Nd5 22. Rxd8+ Rxd8 23. Na4 Rb8 24. b3 a5 25. c4 Nf6 26. Nc5 Ba8 27. Rd6 Rc8
28. Nd3 Kf8 29. Ne5 c5 30. Bxa8 Rxa8 31. Rc6 a4 32. h3 axb3 33. axb3 Ne4 34. Rc7
f6 35. Nd7+ Ke8 36. Nxc5 Nxc5 37. Rxc5 Rb8 38. Rc7 Kf8 39. Kg1 Rxb3 40. Kf2 Kg8
41. Ke2 Rb2+ 42. Kf3 Rc2 43. g3 Kh7 44. h4 h5 45. c5 Kg6 46. c6 e5 47. Ke4 Rc3
48. Kd5 Rxg3 49. Ra7 Rc3 50. Ra4 Kf5 51. Rc4 Rxc4 52. Kxc4 Ke6 53. Kc5 Kf5 54.
c7 Kg4 55. c8=Q+ Kxh4 56. Qf5 g5 57. Qxf6 Kg4 58. Kd5 h4 59. Ke4 h3 60. Qf3+ Kh4
61. Kf5 1-0

[Event "4NCL Rapid Indiv 2014"]
[Site "Daventry ENG"]
[Date "2014.10.05"]
[Round "6.9"]
[White "Talsma, Paul"]
[Black "Roberson, Peter T"]
[Result "0-1"]
[BlackTitle "IM"]
[WhiteElo "2193"]
[BlackElo "2415"]
[WhiteFideId "1018779"]
[BlackFideId "412384"]
[EventDate "2014.10.05"]

1. d4 e6 2. c4 Nf6 3. Nc3 c5 4. d5 exd5 5. cxd5 d6 6. Nf3 g6 7. Qa4+ Nbd7 8. Bf4
a6 9. e4 Nh5 10. Bg5 Be7 11. Bh6 Bf8 12. Bg5 Nf6 13. Bf4 Be7 14. Bd3 O-O 15. O-O
Re8 16. Rfe1 Nh5 17. Bh6 Bf6 18. Nd2 b5 19. Qc2 Bg5 20. Bxg5 Qxg5 21. Nf3 Qf6
22. a4 c4 23. Bf1 Rb8 24. axb5 axb5 25. Ra5 b4 26. Nb5 Nc5 27. Nc7 Re7 28. e5
Qf4 29. Rxc5 dxc5 30. d6 Rd7 31. Qxc4 Qxc4 32. Bxc4 Ng7 33. Ng5 h6 34. e6 hxg5
35. exd7 Bxd7 36. Re7 Be6 37. Nxe6 Nxe6 38. Bxe6 fxe6 39. d7 Kf8 40. Rxe6 Rd8
41. Rd6 c4 42. Kf1 Ke7 43. Rxg6 Kxd7 44. Rxg5 Kc6 45. h4 c3 46. bxc3 b3 47. c4
b2 48. Rb5 Rd1+ 49. Ke2 b1=Q 50. Rxb1 Rxb1 51. h5 Kd6 52. g4 Ke5 53. Ke3 Rb3+
54. Ke2 Kf4 55. h6 Kxg4 56. h7 Rh3 57. f3+ Kf5 58. Kd3 Ke5 59. Kc3 Rxh7 60. Kb4
Kd6 61. f4 0-1

[Event "4NCL Rapid Indiv 2014"]
[Site "Daventry ENG"]
[Date "2014.10.05"]
[Round "6.10"]
[White "Batchelor, Peter J"]
[Black "Varnam, Liam D"]
[Result "1/2-1/2"]
[WhiteElo "2236"]
[BlackElo "2124"]
[WhiteFideId "424854"]
[BlackFideId "410950"]
[EventDate "2014.10.05"]

1. d4 d5 2. c4 dxc4 3. e3 e6 4. Bxc4 Nf6 5. Nf3 c5 6. O-O a6 7. Bb3 b5 8. a4 b4
9. Nbd2 Bb7 10. Re1 Nc6 11. Nc4 cxd4 12. exd4 Be7 13. Bg5 O-O 14. Rc1 Nd5 15.
Bxe7 Ncxe7 16. Qd2 Ng6 17. Nfe5 Ngf4 18. g3 Ng6 19. Nxg6 hxg6 20. Ne5 a5 21. Rc5
Qd6 22. Rec1 Rad8 23. Rxa5 Ne7 24. Rd1 Nc6 25. Nxc6 Qxc6 26. d5 exd5 27. Qd4
Rfe8 28. Rc5 Qe6 29. Rb5 Ba6 30. Rb6 Qe2 31. Qd2 Qxd2 32. Rxd2 Re1+ 33. Kg2 Bf1+
34. Kf3 Rde8 35. Rxb4 Be2+ 36. Kg2 Bf1+ 37. Kf3 Be2+ 38. Rxe2 R1xe2 39. Bxd5 Rd2
40. Bc4 Kf8 41. a5 Rd4 42. a6 Ra8 43. b3 Rxc4 44. Rxc4 Rxa6 45. Rb4 Ra1 46. Rb7
g5 47. b4 f5 48. b5 Ra3+ 49. Ke2 Rb3 50. b6 Kg8 51. Rb8+ Kf7 52. b7 Kg6 53. Kd2
g4 54. Kc2 Rb6 55. Kc3 Rb1 56. Kd4 Rd1+ 57. Ke3 Re1+ 58. Kd2 Rb1 59. Ke2 Rb2+
60. Kf1 Rb1+ 61. Kg2 Rb2 62. h3 gxh3+ 63. Kxh3 Rb3 64. Kg2 Rb1 65. Kf3 Rb3+ 66.
Kf4 Rb2 67. f3 Rb1 68. Ke5 Re1+ 69. Kd6 Rd1+ 70. Ke7 Re1+ 71. Kf8 Rb1 72. Kg8
Rb6 73. f4 Rb4 74. Kf8 Rb1 75. Ke7 Re1+ 76. Kd6 Rd1+ 77. Kc5 Rc1+ 78. Kd4 Rd1+
79. Ke3 Rb1 80. Kf3 Rb3+ 81. Kg2 Rb2+ 82. Kh3 Rb3 83. Kh4 Rb1 84. g4 fxg4 85.
f5+ Kf7 86. Kxg4 Rg1+ 87. Kf4 Rf1+ 88. Ke4 Re1+ 89. Kd3 Rb1 90. Kc2 Rb6 91. Kc3
Rb1 92. Kd3 Rb6 93. Kd4 Rb1 94. f6 Rd1+ 95. Ke3 Re1+ 96. Kd2 Rb1 97. Kc2 Rb6 98.
Kc3 Rb1 99. Kc4 Rc1+ 100. Kd3 Rb1 101. Kd2 Rb6 102. Kc2 Rb5 103. Kc3 Rb1 104.
Kd4 Rd1+ 105. Ke3 Rb1 106. Kd2 Rb6 107. Kc2 Rb5 108. Kd2 1/2-1/2

[Event "4NCL Rapid Indiv 2014"]
[Site "Daventry ENG"]
[Date "2014.10.05"]
[Round "6.11"]
[White "Jackson, James P"]
[Black "Morley, Andrew J"]
[Result "1-0"]
[WhiteTitle "FM"]
[WhiteElo "2336"]
[BlackElo "2101"]
[WhiteFideId "416860"]
[BlackFideId "420077"]
[EventDate "2014.10.05"]

1. e4 c5 2. Nf3 Nc6 3. d4 cxd4 4. Nxd4 Nf6 5. Nc3 e5 6. Ndb5 d6 7. Bg5 a6 8. Na3
b5 9. Nd5 Be7 10. Bxf6 Bxf6 11. c4 b4 12. Nc2 Rb8 13. g3 O-O 14. Bg2 Bg5 15. O-O
Be6 16. b3 Qd7 17. Qd3 a5 18. h4 Bh6 19. Rad1 f5 20. exf5 Bxf5 21. Be4 Bxe4 22.
Qxe4 Qf5 23. Qxf5 Rxf5 24. g4 Rf3 25. g5 e4 26. Nd4 Nxd4 27. Rxd4 Re8 28. Re1
Bxg5 29. hxg5 Ref8 30. Re2 Rh3 31. Rdxe4 Rh5 32. f4 1-0

[Event "4NCL Rapid Indiv 2014"]
[Site "Daventry ENG"]
[Date "2014.10.05"]
[Round "6.12"]
[White "Snape, Ian L"]
[Black "Waters, Andrew C"]
[Result "1-0"]
[WhiteElo "2172"]
[BlackElo "1810"]
[WhiteFideId "404489"]
[BlackFideId "417998"]
[EventDate "2014.10.05"]

1. e4 Nf6 2. e5 Nd5 3. d4 d6 4. Nf3 dxe5 5. Nxe5 c6 6. Bc4 Bf5 7. O-O e6 8. Bd3
Bxd3 9. Nxd3 Nd7 10. Nd2 Be7 11. Nf3 O-O 12. c4 N5f6 13. b3 Ne4 14. Bb2 Bf6 15.
Qe2 Ng5 16. Nfe5 h6 17. f4 Nh7 18. f5 exf5 19. Rxf5 Qc7 20. Raf1 Rfe8 21. Qh5
Nxe5 22. Nxe5 g6 23. Qg4 Re6 24. R5f2 Rae8 25. Qh3 h5 26. Qd3 c5 27. Nxg6 fxg6
28. Qxg6+ Qg7 29. Qxh5 Qg5 30. Qf3 Re3 31. Qxb7 R3e7 32. Qa6 Rg7 33. Qc6 Bxd4
34. Qxe8+ 1-0

[Event "4NCL Rapid Indiv 2014"]
[Site "Daventry ENG"]
[Date "2014.10.05"]
[Round "7.1"]
[White "Smerdon, David"]
[Black "Flear, Glenn C"]
[Result "1/2-1/2"]
[WhiteTitle "GM"]
[BlackTitle "GM"]
[WhiteElo "2506"]
[BlackElo "2462"]
[WhiteFideId "3202305"]
[BlackFideId "400165"]
[EventDate "2014.10.05"]

1. e4 e5 2. Nf3 Nc6 3. d4 exd4 4. Bc4 Nf6 5. O-O Bc5 6. e5 d5 7. exf6 dxc4 8.
fxg7 Rg8 9. Bg5 Be7 10. Bxe7 Kxe7 11. Re1+ Kf6 12. Re4 Kxg7 13. Nxd4 Kh8 14. Nc3
Bh3 15. g3 f5 16. Rf4 Qd6 17. Qd2 Rad8 18. Rd1 Bg4 19. f3 Nxd4 20. Qxd4+ Qxd4+
21. Rdxd4 Rxd4 22. Rxd4 Bxf3 23. Rxc4 Rd8 24. Kf2 Bc6 25. Ke3 Kg7 26. Rd4 1/2-1/2

[Event "4NCL Rapid Indiv 2014"]
[Site "Daventry ENG"]
[Date "2014.10.05"]
[Round "7.2"]
[White "Wall, Gavin"]
[Black "Richmond, Peter"]
[Result "0-1"]
[WhiteTitle "IM"]
[WhiteElo "2314"]
[BlackElo "2154"]
[WhiteFideId "2501244"]
[BlackFideId "1800175"]
[EventDate "2014.10.05"]

1. e4 c5 2. Nf3 Nf6 3. Nc3 d5 4. e5 Nfd7 5. Nxd5 Nxe5 6. Bb5+ Nbc6 7. Ne3 Nxf3+
8. Qxf3 Bd7 9. b3 Nd4 10. Bxd7+ Qxd7 11. Qg3 e6 12. Bb2 O-O-O 13. Bxd4 Qxd4 14.
Rd1 f5 15. Qf3 g6 16. O-O e5 17. d3 Bd6 18. Nd5 e4 19. dxe4 Qe5 20. Qh3 Qxe4 21.
c4 Qc2 22. Rc1 Qb2 23. Rb1 Qc2 24. a3 Be5 25. b4 Bd4 26. Ne7+ Kb8 27. bxc5 Bxf2+
28. Kh1 Rd2 29. Nxg6 Rhd8 30. Qf3 Qe4 31. Ne5 Qxf3 32. gxf3 Kc7 33. Nf7 Re8 34.
Rxb7+ Kxb7 35. Nd6+ Rxd6 36. cxd6 Bc5 37. d7 Rd8 38. Rd1 Kc6 39. a4 Rxd7 40. Rb1
Rd2 41. Rb8 Rxh2+ 0-1

[Event "4NCL Rapid Indiv 2014"]
[Site "Daventry ENG"]
[Date "2014.10.05"]
[Round "7.3"]
[White "Haria, Ravi"]
[Black "Ghasi, Ameet K"]
[Result "0-1"]
[BlackTitle "IM"]
[WhiteElo "2239"]
[BlackElo "2475"]
[WhiteFideId "415820"]
[BlackFideId "409200"]
[EventDate "2014.10.05"]

1. e4 g6 2. d4 d6 3. Nf3 Bg7 4. c3 Nf6 5. Bd3 O-O 6. O-O Nc6 7. Re1 e5 8. Nbd2
Nh5 9. dxe5 dxe5 10. Bf1 Be6 11. Qc2 Qe7 12. b4 Nf4 13. Nb3 a5 14. b5 a4 15.
Nbd2 Na5 16. c4 b6 17. Nb1 Bg4 18. Ba3 Qf6 19. Nfd2 Rfd8 20. Nc3 Qg5 21. Nd5
Nh3+ 22. Kh1 Nxf2+ 23. Kg1 Nh3+ 24. gxh3 Bd1+ 0-1